| 000 | 00748nam a2200253Ia 4500 | ||
|---|---|---|---|
| 001 | Z_3732 | ||
| 003 | CHAP | ||
| 005 | 20221020235053.0 | ||
| 007 | ta | ||
| 008 | 220113s198X xx 000 0 und d | ||
| 010 | _a166813 | ||
| 040 | _cCHAP | ||
| 090 | _aR-73 | ||
| 100 | 1 |
_aRivas García, Armando E _9140935 |
|
| 245 | 1 | 0 |
_aFormulación de raciones de mínimo costo por programación lineal (método simplex) / _cpor Armando E Rivas García y Paz Margarito Melgarejo |
| 260 |
_aChapingo, Méx. : _bUACh. Departamento de Zootecnia, _c198X |
||
| 300 | _a8 hojas | ||
| 650 | 1 |
_aFormulación de raciones _9140936 |
|
| 700 | 1 |
_9185548 _aMelgarejo, Paz Margarito |
|
| 901 | _aR-73 | ||
| 902 | _aA | ||
| 910 | _a198X | ||
| 942 |
_cREIMP _2local |
||
| 999 |
_c166813 _d166813 |
||